E. Karpáti: Z minulosti boja proti alkoholizmu v Uhorsku

Podrobná bibliografia
Hlavní autori: Duka-Zólyomi, Norbert (Autor), Kárpáti, E. (Autor)
Médium: Článok
Jazyk:slovenčina
Predmet:

MARC

LEADER 00000nab a2200000 a 4500
001 vtls000071347
003 SK-MaSNL
005 20260304053027.0
008 250422c1980 xo 0 slo
015 |a SNBRB19rr/mm-uuuuu 
035 |a CL0081448 
035 |a urn:nbn:sk:snk-ab6upf 
035 |a (uuid)423ed727-2c81-4c5f-af96-01ab9bc7c180 
035 |a (urnnbn)urn:nbn:sk:snk:ar-a05zge 
035 |a (sysno)vtls000071347 
040 |a SNKBUCL  |b slo  |c SNKBUCL  |e AACR2 
041 0 |a slo 
044 |a xo  |c SK 
080 |a 613.8  |2 1981 
080 |a 940  |2 1981 
100 1 |a Duka-Zólyomi, Norbert  |4 aut  |9 241423 
245 1 0 |a E. Karpáti: Z minulosti boja proti alkoholizmu v Uhorsku  |c N. Duka Zolyómi ; E. Kárpáki 
650 0 7 |a alkoholizmus  |2 snkbucl  |9 14184 
651 7 |a Uhorsko  |2 snkbucl  |9 28673 
655 7 |a články z novín a časopisov  |2 snkbucl  |9 267496 
700 1 |a Kárpáti, E.  |4 aut  |9 1336857 
773 0 |t Protialkoholický obzor  |g Roč. 15, č. 5 (1980), s. 314-315 
787 0 8 |i Rec.:  |a Kárpáti, E.  |t Z minulosti boja proti alkoholizmu v Uhorsku  |d Budapešť : Medicína, 1979 
850 |a Slovenská národná knižnica 
852 |a Slovenská národná knižnica 
954 |a odborná, vedecká literatúra pôvodná (slovenská)  |2 lita 
958 |a article2022 
958 |a RK 
958 |a MI 
958 |a OND 
958 |a EUIPO 
992 |a RBX 
999 |c 2711219  |d 2713149